• 首页
  • 本馆介绍
  • 公告通知
  • 最新文献
  • 馆藏检索
  • 电子资源
  • 读者导购
  • 参考咨询
  • 我的图书馆
  • 登录
  • 详细信息显示
  • 放入我的书架
  • 预约/预借图书
  • 作者相关作品
  • 分类相关作品
  • 丛书相关作品
  • 出版社相关作品

书目信息

  • 表格格式
  • 工作单格式
  • 卡片格式
题名:
国外的农民生活
    
 
作者: 王晶 编著
分册:   美国
出版信息: 北京   中国社会出版社  2006
页数: 155页
开本: 21cm
丛书名: 国外农业丛书
单 册:
中图分类: D421.7
科图分类:
主题词: 农民--生活--外国 , 农民--生活--美国 , 农民 , 生活
电子资源:
ISBN: 7-5087-1488-1
000 00894oam2 2200289 450
001 1240400908
005 20121005111413.90
010    @a7-5087-1488-1@dCNY8.00
100    @a20070108d2006 em y0chiy50 ea
101 0  @achi
102    @aCN@b110000
105    @ay z 000yy
200 1  @a国外的农民生活@Aguo wai de nong min sheng huo@i美国@f王晶编著
210    @a北京@c中国社会出版社@d2006
215    @a155页@d21cm
225 2  @a国外农业丛书
300    @a建设社会主义新农村书屋
330    @a本书介绍了美国农民的生活状况,农村社区、家庭、教育状况,农村医疗保健状况,农民的宗教活动,农民的文化娱乐生活、与政府的关系等。
461  0 @12001 @a国外农业丛书
606 0  @a农民@x生活@y外国
606 0  @a农民@x生活@y美国
606 0  @a农民
606 0  @a生活
690    @aD421.7@v4
701  0 @a王晶@Awang jing@c(经济)@4编著
801  0 @aCN@bNLC@c20101222
905    @a10447@dD421.7@eJY64
    
    国外的农民生活.美国/王晶编著.-北京:中国社会出版社,2006
    155页;21cm.-(国外农业丛书)
    建设社会主义新农村书屋
    
    ISBN 7-5087-1488-1:CNY8.00
    本书介绍了美国农民的生活状况,农村社区、家庭、教育状况,农村医疗保健状况,农民的宗教活动,农民的文化娱乐生活、与政府的关系等。
●
相关链接 在E读中查询图书 在五车中查询图书 在当当中查询图书 在豆瓣中查询图书


正题名:国外的农民生活     索取号:D421.7/JY64         预约/预借

序号 登录号 条形码 馆藏地/架位号 状态 备注
1 7811734   278117342   学院路分馆/ [索取号:D421.7/JY64] 在馆    
2 7811735   278117351   学院路分馆/ [索取号:D421.7/JY64] 在馆    
3 7811736   278117360   学院路分馆/ [索取号:D421.7/JY64] 在馆    
4 7811737   278117379   学院路分馆/ [索取号:D421.7/JY64] 在馆    
唐山师范学院图书馆 欢迎您!
大连网信软件有限公司© 版权所有